书目信息 |
| 题名: |
自律的你真美
|
|
| 作者: | 美崎荣一郎 著 ;严可婷 译 | |
| 分册: | ||
| 出版信息: | 成都 四川文艺出版社 2020.10 |
|
| 页数: | 208页 | |
| 开本: | 19cm | |
| 丛书名: | ||
| 单 册: | ||
| 中图分类: | C933.41 | |
| 科图分类: | ||
| 主题词: | 自律--zi lu^--通俗读物 | |
| 电子资源: | ||
| ISBN: | 978-7-5411-5802-5 | |
| 000 | 01057nam0 2200253 450 | |
| 001 | CAL 0120203110241 | |
| 005 | 20230217093113.0 | |
| 010 | @a978-7-5411-5802-5@dCNY45.00 | |
| 100 | @a20201126d2020 em y0chiy0120 ea | |
| 101 | 1 | @achi@cjpn |
| 102 | @aCN@b510000 | |
| 105 | @aa z 000yy | |
| 106 | @ar | |
| 200 | 1 | @a自律的你真美@Azi lu^ de ni zhen mei@f(日) 美崎荣一郎著@g严可婷译 |
| 210 | @a成都@c四川文艺出版社@d2020.10 | |
| 215 | @a208页@c图@d19cm | |
| 314 | @a美崎荣一郎, 日本超人气职场导师、演讲师、畅销书作家。 | |
| 330 | @a本书盘点了大多数人在工作、生活、人际关系和思考中, 不知不觉就会拥有的错误习惯。例如: 不写备忘录, 以为凭借记忆能够搞定一切 ; 不管节食也好、学英文也好, 经常半途而废 ; 不恰当地使用敬称, 反而让人觉得有距离感 ; 心想‘还有时间’, 于是继续拖延……其实, 改变这些错误的习惯, 就能轻松的成为一个自律的人! | |
| 606 | 0 | @a自律@Azi lu^@j通俗读物 |
| 690 | @aC933.41@v5 | |
| 701 | 0 | @a美崎荣一郎@Amei qi rong yi lang@4著 |
| 702 | 0 | @a严可婷@Ayan ke ting@4译 |
| 801 | 0 | @aCN@bBJXHZP@c20230228 |
| 905 | @b1402530-3@dC933.41@e967@f4 | |
| 自律的你真美/(日) 美崎荣一郎著/严可婷译.-成都:四川文艺出版社,2020.10 |
| 208页:图;19cm |
| ISBN 978-7-5411-5802-5:CNY45.00 |
| 本书盘点了大多数人在工作、生活、人际关系和思考中, 不知不觉就会拥有的错误习惯。例如: 不写备忘录, 以为凭借记忆能够搞定一切 ; 不管节食也好、学英文也好, 经常半途而废 ; 不恰当地使用敬称, 反而让人觉得有距离感 ; 心想‘还有时间’, 于是继续拖延……其实, 改变这些错误的习惯, 就能轻松的成为一个自律的人! |
| ● |
| 相关链接 |
|
|
|
|
正题名:自律的你真美
索取号:C933.41/967
 
预约/预借
| 序号 | 登录号 | 条形码 | 馆藏地/架位号 | 状态 | 备注 |
| 1 | 1402530 | 214025302 | 第一样本阅览室/ [索取号:C933.41/967] | 在馆 | |
| 2 | 1402531 | 214025311 | 第一借阅区/ [索取号:C933.41/967] | 在馆 | |
| 3 | 1402532 | 214025320 | 第一借阅区/ [索取号:C933.41/967] | 在馆 | |
| 4 | 1402533 | 214025339 | 第一借阅区/ [索取号:C933.41/967] | 在馆 |